| 000 | 00000nam 2200000zi 4500 |
| 001 | 9.947171 |
| 003 | CaOODSP |
| 005 | 20250121091710 |
| 006 | m o d f |
| 007 | cr bn||||||||| |
| 008 | 250121t19981998onca obfu f000 0 eng d |
| 020 | |z0660174723 |
| 040 | |aCaOODSP|beng|erda|cCaOODSP |
| 043 | |an-cn--- |
| 086 | 1 |aNR36-1/1995-9-1E-PDF|zNR36-1/1995-9-1E |
| 245 | 00|aUser's Guide - NBC 1995 : |bHousing and Small Buildings (Part 9) / |cissued by the Canadian Commission on Building and Fire Codes. |
| 246 | 13|aUser's guide - National Building Code of Canada 1995 : |bHousing and Small Buildings (Part 9) |
| 250 | |aFirst edition, first printing. |
| 264 | 1|aOttawa : |bNational Research Council of Canada, |c1998. |
| 264 | 4|c©1998 |
| 300 | |a1 online resource (vi, 277 pages) : |billustrations |
| 336 | |atext|btxt|2rdacontent |
| 337 | |acomputer|bc|2rdamedia |
| 338 | |aonline resource|bcr|2rdacarrier |
| 500 | |aCover title. |
| 500 | |aThe catalogue number (NR36-1/1995-9-1E) and ISBN (0660174723) for the print edition have been copied in this electronic publication. |
| 500 | |aIssued also in French under title: Guide de l'utilisateur - CNB 1995 : Maisons et petits bâtiments (partie 9). |
| 504 | |aIncludes bibliographical references. |
| 520 | |a"This User's Guide has been prepared to help users of the National Building Code of Canada (NBC) have a better understanding of the requirements in Part 9, Housing and Small Buildings. Knowing the objectives of the requirements, and general principles on which they are based, should assist the user in applying them"--Introduction, page 1. |
| 650 | 0|aBuilding laws|zCanada. |
| 650 | 0|aBuildings|xStandards|zCanada. |
| 650 | 0|aArchitecture, Domestic|xStandards|zCanada|vHandbooks, manuals, etc. |
| 655 | 7|aHandbooks and manuals|2lcgft |
| 710 | 2 |aCanadian Commission on Building and Fire Codes, |eissuing body. |
| 775 | 08|tGuide de l'utilisateur - CNB 1995 : |w(CaOODSP)9.947174 |
| 856 | 40|qPDF|s2.60 MB|uhttps://publications.gc.ca/collections/collection_2025/cnrc-nrc/NR36-1-1995-9-1-eng.pdf |
| 986 | |a42049 |